| 000 | 00683nam a2200205 i 4500 | ||
|---|---|---|---|
| 001 | 183194 | ||
| 003 | ES-MaACL | ||
| 005 | 20250912063056.0 | ||
| 008 | 140129s1986 mx |||| | spa d | ||
| 100 | 0 |
_aCaillois, Roger. _933463 |
|
| 245 | 1 | 4 |
_aLos juegos y los hombres _b: la máscara y el vértigo / _cRoger Caillois. |
| 250 | _a[1ª ed. en español]. | ||
| 260 |
_aMéxico : _bFondo de Cultura Económica, _c1986. |
||
| 300 |
_a331 p. ; _c17 cm. |
||
| 490 | 1 |
_aColección popular (Fondo de Cultura Económica) ; _v344 _9241328 |
|
| 650 | 4 |
_aJuegos. _914014 |
|
| 852 |
_aES-MaACL _jL-30012 _z.- Donat. Miguel A. Velasco |
||
| 942 | _2udc | ||
| 999 |
_c183194 _d183194 |
||